|
|
|
|
| LEADER |
01671nam a2200337 a 4500 |
| 001 |
3013234 |
| 003 |
BD-DhAAL |
| 005 |
20210623110813.0 |
| 008 |
130901r19952018enka b 001 0 eng |
| 999 |
|
|
|c 13909
|d 13909
|
| 010 |
|
|
|a 94006117
|
| 020 |
|
|
|a 9788175960541
|
| 020 |
|
|
|a 052139547X (hardback)
|
| 040 |
|
|
|a DLC
|c DLC
|d DLC
|d BD-DhAAL
|
| 050 |
0 |
0 |
|a DS436
|b .N47 1987 pt. 3, vol. 4
|a DS463
|
| 082 |
0 |
0 |
|a 954.03
|2 22
|
| 100 |
1 |
|
|a Metcalf, Thomas R.,
|d 1934-
|9 2856
|
| 245 |
1 |
0 |
|a Ideologies of the Raj /
|c Thomas R. Metcalf.
|
| 246 |
|
|
|a The new Cambridge history of India III.4 :
|b ideologies of the Raj
|
| 260 |
|
|
|a Cambridge ;
|a New York ;
|a New Delhi :
|b Cambridge University Press,
|c 1995 [Reprinted 2018]
|
| 300 |
|
|
|a xii, 244 pages :
|b illustrations ;
|c 24 cm.
|
| 440 |
|
4 |
|a The new Cambridge history of India ;
|v III. 4
|9 2857
|
| 504 |
|
|
|a Includes bibliographical references (p. 235-240) and index.
|
| 520 |
|
|
|a Students of modern Indian history and the British Empire will find this book relevant & accessible. It examines how the British sought to justify their rule over India.
|
| 526 |
|
|
|a RS
|
| 541 |
|
|
|a Karim International
|e 27441, 37498
|
| 590 |
|
|
|a In English.
|
| 651 |
|
0 |
|a India
|x History
|y British occupation, 1765-1947.
|9 7503
|
| 942 |
|
|
|2 ddc
|c BK
|
| 952 |
|
|
|0 0
|1 0
|2 ddc
|4 0
|6 954_030000000000000_MET
|7 0
|9 23280
|a BRACUL
|b BRACUL
|c GEN
|d 2013-09-01
|e Karim International
|g 550.00
|l 1
|m 1
|o 954.03 MET
|p 3010027441
|r 2013-12-14
|s 2013-09-01
|t 1
|w 2013-09-01
|y BK
|
| 952 |
|
|
|0 0
|1 0
|2 ddc
|4 0
|6 954_030000000000000_MET
|7 0
|9 69327
|a SCL
|b SCL
|c GEN
|d 2021-03-25
|e Karim International
|g 1150.00
|l 2
|m 5
|o 954.03 MET
|p 3020037498
|r 2026-03-09
|s 2026-03-03
|t 2
|v 1150.00
|w 2021-03-25
|y BK
|